| 000 | 00813nam a2200289Ia 4500 | ||
|---|---|---|---|
| 005 | 20250425161901.0 | ||
| 008 | 250425s9999 xx 000 0 und d | ||
| 020 | _a9681802888 | ||
| 041 | _aspa | ||
| 043 | _amx | ||
| 082 | _a658.403 | ||
| 100 | _aSPURR, WILLIAM A. | ||
| 245 | 0 | _aTOMA DE DECISIONES EN ADMINISTRACION MEDIANTE METODOS ESTADISTICOS | |
| 250 | _a1A ED. | ||
| 260 |
_aMéxico _bEDITORIAL LIMUSA S.A. _c1990 |
||
| 260 | _aS.L. | ||
| 300 | _a757 | ||
| 500 | _aTítulo Traducido: STATISTICAL ANALYSIS FOR BUSINESS DECISIONS | ||
| 650 | _aANALISIS DE LA INFORMACION | ||
| 650 | _aINFERENCIAS ESTADISTICAS | ||
| 650 | _aPROBABILIDAD | ||
| 650 | _aTOMA DE DECISIONES | ||
| 700 |
_aRICHARD D. IRWIN _etraductor |
||
| 710 | _aEDITORIAL LIMUSA S.A. | ||
| 942 | _c01 | ||
| 010 | _a33698 | ||
| 999 |
_c218098 _d218098 |
||